OSMALI'DA İKTİDAR KAVGASI VE HANEDAN İÇİ KIYIMLAR (Record no. 1143913)

MARC details
000 -LEADER
sabit uzunluktaki kontrol alanı 00292nam a2200097Ia 4500
001 - KONTROL NUMARASI
kontrol alanı 1143913
005 - EN SON İŞLEMİN TARİH VE ZAMANI
kontrol alanı 20250827010204.0
008 - SABİT-UZUNLUKTA VERİ ÖĞELERİ--GENEL BİLGİ
sabit uzunluktaki kontrol alanı 250824s9999 xx 000 0 und d
245 #0 - ESER / YAZAR
ESER ADI OSMALI'DA İKTİDAR KAVGASI VE HANEDAN İÇİ KIYIMLAR
Yazar Adı AHMET HALDUN TERZİOĞLU
260 ## - YAYIN, DAĞITIM, VB.
YAYIN EVİ PANAMA YAYINLARI
Holdings
Düşüm durumu Kayıp durumu Hasar Durumu Ödünç verilmez Ana kütüphane Geçerli Kütüphane Edinilen tarih Toplam ödünç verme sayısı Barkod Son görüntüleme tarihi Son ödünç verme tarihi Fiyatın geçerli olmaya başladığı tarih Koha materyal türü
        BUHARA KÜTÜPHANESİ (İKRA’R HAFIZLIK KIZ KUR’AN KURSU) BUHARA KÜTÜPHANESİ (İKRA’R HAFIZLIK KIZ KUR’AN KURSU) 24.08.2025 1 1096172 23.02.2026 10.02.2026 27.08.2025 Books